Stacje pociągu IC Artus - Statystyki

Ogólne statystyki
  • Ten quiz został rozwiązany 73 razy
  • Średni wynik to 25 z 44
Statystyki odpowiedzi
Odpowiedź % Poprawnych
Przemyśl Główny
85%
Gdynia Główna
82%
Wrocław Główny
79%
Gdańsk Główny
77%
Katowice
77%
Opole Główne
77%
Poznań Główny
77%
Sopot
76%
Kraków Główny
74%
Rzeszów Główny
74%
Gdańsk Wrzeszcz
73%
Gdańsk Oliwa
71%
Leszno
69%
Bydgoszcz Główna
68%
Gliwice
66%
Rawicz
66%
Brzeg
63%
Gniezno
60%
Jarosław
60%
Kościan
58%
Oława
58%
Zabrze
58%
Inowrocław
56%
Żmigród
56%
Dębica
55%
Oborniki Śląskie
55%
Laskowice Pomorskie
52%
Kraków Płaszów
50%
Łańcut
50%
Przeworsk
50%
Mogilno
47%
Bochnia
45%
Mysłowice
45%
Trzebinia
42%
Krzeszowice
40%
Strzelce Opolskie
40%
Jaworzno Szczakowa
39%
Brzesko Okocim
37%
Radymno
35%
Ropczyce
34%
Sędziszów Małopolski
34%
Pyskowice
31%
Przemyśl Zasane
6%
Trzew
5%
Nie znaleziono quizów pasujących do podanych kryteriów
Rozkład punktacji
Procent ludzi z każdym wynikiem
Percentyl według liczby udzielonych odpowiedzi
Twoja historia wyników
Nie rozwiązałeś tego quizu